[Event "Bundesliga 0001"]
[Site "Deutschland"]
[Date "2000.12.10"]
[Round "4.6"]
[White "Fette, Martin"]
[Black "Pelletier, Yannick"]
[Result "0-1"]
[WhiteElo "2346"]
[BlackElo "2474"]
[PlyCount "94"]
[EventDate "2000.10.14"]
[EventType "team"]
[EventRounds "15"]
[EventCountry "GER"]
[SourceTitle "Bundesliga 0001"]
[Source "DeepChess"]
[SourceDate "2005.01.01"]
[SourceVersion "1"]
[SourceVersionDate "2005.01.01"]
[SourceQuality "1"]
[WhiteTeam "SK Koenig Tegel 1949 e.V. "]
[BlackTeam "SAbt SV Werder Bremen"]
[WhiteTeamCountry "GER"]
[BlackTeamCountry "GER"]

1. e4 c5 2. Nf3 d6 3. Bc4 Nf6 4. d3 Nc6 5. c3 e6 6. Bb3 Be7 7. O-O O-O 8. Re1
d5 9. e5 Nd7 10. d4 b6 11. a3 a5 12. Bf4 Ba6 13. Bc2 b5 14. Qd3 g6 15. Qe3 Rc8
16. Nbd2 cxd4 17. Nxd4 Nxd4 18. Qxd4 Bc5 19. Qd3 Qb6 20. Qg3 b4 21. axb4 axb4
22. Nf3 b3 23. Bb1 f5 24. exf6 Rxf6 25. Nd4 Rcf8 26. Bg5 Rxf2 27. Bxg6 Bxd4 28.
cxd4 hxg6 29. Bd8 Qxd4 30. Qxg6+ Qg7 31. Qxg7+ Kxg7 32. Bh4 R2f4 33. Bg3 Nc5
34. Bxf4 Rxf4 35. Ra5 Rc4 36. h4 Rc2 37. Re5 Kf6 38. Rg5 Bd3 39. Rg3 Be4 40. h5
Nd3 41. h6 Rxb2 42. Ra4 Rb1+ 43. Kh2 b2 44. Rxe4 Rh1+ 45. Kxh1 b1=Q+ 46. Kh2
dxe4 47. h7 Qb8 0-1

[Event "Bundesliga 0001"]
[Site "Deutschland"]
[Date "2000.12.10"]
[Round "4.7"]
[White "Meins, Gerlef"]
[Black "Pachow, Joerg"]
[Result "0-1"]
[WhiteElo "2426"]
[BlackElo "2297"]
[PlyCount "54"]
[EventDate "2000.10.14"]
[EventType "team"]
[EventRounds "15"]
[EventCountry "GER"]
[SourceTitle "Bundesliga 0001"]
[Source "DeepChess"]
[SourceDate "2005.01.01"]
[SourceVersion "1"]
[SourceVersionDate "2005.01.01"]
[SourceQuality "1"]
[WhiteTeam "SAbt SV Werder Bremen"]
[BlackTeam "SK Koenig Tegel 1949 e.V. "]
[WhiteTeamCountry "GER"]
[BlackTeamCountry "GER"]

1. d4 Nf6 2. c4 d6 3. Nc3 Nbd7 4. e4 e5 5. Nf3 g6 6. Be2 Bg7 7. O-O O-O 8. Re1
c6 9. Rb1 exd4 10. Nxd4 Re8 11. Bf1 a6 12. Bf4 Ne5 13. h3 Nh5 14. Bh2 Qf6 15.
Nc2 Bxh3 16. Be2 Be6 17. Ne3 Rad8 18. Bxh5 gxh5 19. Qxh5 Qg6 20. Qe2 b5 21.
cxb5 axb5 22. a3 d5 23. exd5 cxd5 24. Ncxd5 Rxd5 25. Nxd5 Bxd5 26. Bg3 Nf3+ 27.
Qxf3 Rxe1+ 0-1

[Event "Bundesliga 0001"]
[Site "Deutschland"]
[Date "2000.12.10"]
[Round "4.8"]
[White "Giemsa, Stephan"]
[Black "Heissler, Jakob"]
[Result "0-1"]
[WhiteElo "2299"]
[BlackElo "2447"]
[PlyCount "100"]
[EventDate "2000.10.14"]
[EventType "team"]
[EventRounds "15"]
[EventCountry "GER"]
[SourceTitle "Bundesliga 0001"]
[Source "DeepChess"]
[SourceDate "2005.01.01"]
[SourceVersion "1"]
[SourceVersionDate "2005.01.01"]
[SourceQuality "1"]
[WhiteTeam "SK Koenig Tegel 1949 e.V. "]
[BlackTeam "SAbt SV Werder Bremen"]
[WhiteTeamCountry "GER"]
[BlackTeamCountry "GER"]

1. Nf3 Nf6 2. g3 g6 3. b3 Bg7 4. Bb2 c5 5. c4 Nc6 6. Bg2 O-O 7. O-O d6 8. d4
Ne4 9. e3 Bg4 10. Qc2 Bf5 11. Qe2 Bg4 12. Qc2 Nf6 13. Nbd2 cxd4 14. Nxd4 Rc8
15. h3 Bd7 16. Rad1 a6 17. Qb1 Nxd4 18. Bxd4 Bc6 19. e4 Nd7 20. Nf3 Bxd4 21.
Nxd4 Qb6 22. Rfe1 a5 23. Kh2 e5 24. Nxc6 Rxc6 25. f4 Nf6 26. Re2 exf4 27. gxf4
Nh5 28. Rg1 Rc5 29. e5 Re8 30. Bd5 Nf6 31. Qd3 Nxd5 32. cxd5 Qb5 33. Qxb5 Rxb5
34. Rd1 Kf8 35. Kg3 Rc8 36. Rd3 Rcc5 37. Red2 Ke7 38. Kf3 Rb4 39. Rd4 Rc3+ 40.
R4d3 Rc1 41. Rd4 Rxd4 42. Rxd4 Rc3+ 43. Ke4 Rxh3 44. Ra4 dxe5 45. Rxa5 exf4 46.
Rb5 f3 47. Rxb7+ Kf6 48. d6 f2 49. d7 Rd3 50. Rb6+ Ke7 0-1

[Event "Bundesliga 0001"]
[Site "Deutschland"]
[Date "2000.12.10"]
[Round "4.1"]
[White "Schlindwein, Rolf"]
[Black "Van der Sterren, Paul"]
[Result "0-1"]
[WhiteElo "2441"]
[BlackElo "2569"]
[PlyCount "84"]
[EventDate "2000.10.14"]
[EventType "team"]
[EventRounds "15"]
[EventCountry "GER"]
[SourceTitle "Bundesliga 0001"]
[Source "DeepChess"]
[SourceDate "2005.01.01"]
[SourceVersion "1"]
[SourceVersionDate "2005.01.01"]
[SourceQuality "1"]
[WhiteTeam "SF 1982 Baiertal Schatthausen"]
[BlackTeam "SV Castrop Rauxel 1923"]
[WhiteTeamCountry "GER"]
[BlackTeamCountry "GER"]

1. e4 e5 2. Nf3 Nc6 3. Nc3 g6 4. d4 exd4 5. Nd5 Bg7 6. Bg5 f6 7. Bh4 Nh6 8. Bc4
Nf7 9. Nxd4 O-O 10. O-O Nxd4 11. Qxd4 g5 12. Bg3 f5 13. e5 f4 14. Qe4 Re8 15.
Bd3 Rxe5 16. Qxh7+ Kf8 17. c4 a5 18. h4 Ra6 19. Bg6 Nh8 20. h5 Nxg6 21. hxg6
Qe8 22. Nxc7 Qxg6 23. Qxg6 Rxg6 24. Bh2 Rc5 25. Nd5 Rxc4 26. Rac1 Rxc1 27. Rxc1
Rc6 28. Rd1 Bxb2 29. g3 f3 30. g4 b5 31. Bc7 a4 32. Bd8 Rc1 33. Rxc1 Bxc1 34.
Be7+ Kf7 35. Bb4 Bb7 36. Nc3 Bc6 37. Kh2 Ke6 38. Kg3 Bf4+ 39. Kh3 Ke5 40. a3
Kd4 41. Bd6 Kxc3 42. Be5+ Kc4 0-1

[Event "Bundesliga 0001"]
[Site "Deutschland"]
[Date "2000.12.10"]
[Round "4.2"]
[White "King, Daniel J"]
[Black "Doettling, Fabian"]
[Result "1-0"]
[WhiteElo "2525"]
[BlackElo "2473"]
[PlyCount "85"]
[EventDate "2000.10.14"]
[EventType "team"]
[EventRounds "15"]
[EventCountry "GER"]
[SourceTitle "Bundesliga 0001"]
[Source "DeepChess"]
[SourceDate "2005.01.01"]
[SourceVersion "1"]
[SourceVersionDate "2005.01.01"]
[SourceQuality "1"]
[WhiteTeam "SV Castrop Rauxel 1923"]
[BlackTeam "SF 1982 Baiertal Schatthausen"]
[WhiteTeamCountry "GER"]
[BlackTeamCountry "GER"]

1. e4 c6 2. d4 d5 3. Nc3 dxe4 4. Nxe4 Bf5 5. Ng3 Bg6 6. Bc4 e6 7. Nf3 Nd7 8.
O-O Ngf6 9. Re1 Bd6 10. Nh4 Qc7 11. Nxg6 hxg6 12. Qf3 Rh4 13. c3 Bf4 14. h3
Bxc1 15. Raxc1 O-O-O 16. Nf1 g5 17. Qg3 Qf4 18. Nh2 Rdh8 19. Qxf4 gxf4 20. Bf1
g5 21. g3 fxg3 22. fxg3 R4h7 23. Rc2 Rg7 24. Rf2 Kc7 25. Bg2 Rh6 26. Nf1 Nh5
27. c4 Kd6 28. b3 Rh8 29. d5 cxd5 30. cxd5 exd5 31. Ne3 Rgh7 32. Nf5+ Kc7 33.
Bxd5 Nhf6 34. Bg2 Re8 35. Rc1+ Kb8 36. Nd6 Rf8 37. Nxb7 Rc8 38. Rxc8+ Kxc8 39.
Rc2+ Kb8 40. Nd6 Nb6 41. a4 Rh8 42. Nxf7 Rg8 43. Ne5 1-0

[Event "Bundesliga 0001"]
[Site "Deutschland"]
[Date "2000.12.10"]
[Round "4.4"]
[White "Seul, Georg"]
[Black "Duppel, Matthias"]
[Result "0-1"]
[WhiteElo "2447"]
[BlackElo "2376"]
[PlyCount "60"]
[EventDate "2000.10.14"]
[EventType "team"]
[EventRounds "15"]
[EventCountry "GER"]
[SourceTitle "Bundesliga 0001"]
[Source "DeepChess"]
[SourceDate "2005.01.01"]
[SourceVersion "1"]
[SourceVersionDate "2005.01.01"]
[SourceQuality "1"]
[WhiteTeam "SV Castrop Rauxel 1923"]
[BlackTeam "SF 1982 Baiertal Schatthausen"]
[WhiteTeamCountry "GER"]
[BlackTeamCountry "GER"]

1. e4 e6 2. d3 d5 3. Qe2 dxe4 4. dxe4 b6 5. c3 Ba6 6. Qc2 Bxf1 7. Kxf1 Qc8 8.
Nf3 Nf6 9. e5 Nd5 10. Qe4 Nd7 11. c4 Nc5 12. Qe2 Nb4 13. Na3 Qb7 14. Nc2 a5 15.
Ncd4 Be7 16. h4 h6 17. h5 O-O-O 18. Rh3 Rhe8 19. Rg3 Bf8 20. Rg4 Nc6 21. Be3
Nxd4 22. Bxd4 Na6 23. Be3 Rd7 24. Rd1 Red8 25. Rxd7 Rxd7 26. Qc2 c5 27. a3 Qc6
28. Kg1 Nb8 29. Kh2 Qc7 30. Qe4 f5 0-1

[Event "Bundesliga 0001"]
[Site "Deutschland"]
[Date "2000.12.10"]
[Round "4.5"]
[White "Meissner, Bernd Guenther"]
[Black "Appel, Ralf"]
[Result "1/2-1/2"]
[WhiteElo "2372"]
[BlackElo "2481"]
[PlyCount "81"]
[EventDate "2000.10.14"]
[EventType "team"]
[EventRounds "15"]
[EventCountry "GER"]
[SourceTitle "Bundesliga 0001"]
[Source "DeepChess"]
[SourceDate "2005.01.01"]
[SourceVersion "1"]
[SourceVersionDate "2005.01.01"]
[SourceQuality "1"]
[WhiteTeam "SF 1982 Baiertal Schatthausen"]
[BlackTeam "SV Castrop Rauxel 1923"]
[WhiteTeamCountry "GER"]
[BlackTeamCountry "GER"]

1. d4 Nf6 2. c4 d6 3. Nc3 e5 4. d5 Be7 5. e4 O-O 6. Nf3 c6 7. Be2 a5 8. h3 Na6
9. Be3 cxd5 10. cxd5 Bd7 11. Nd2 b6 12. O-O Nc5 13. a3 a4 14. Bxc5 bxc5 15. Nc4
Qb8 16. Qc2 Qb3 17. Qxb3 axb3 18. a4 Rfb8 19. Ra3 Ne8 20. Rfa1 Bd8 21. Nb5 Ra6
22. Bg4 Bxg4 23. hxg4 Ba5 24. Nxa5 Rxa5 25. Rxb3 Kf8 26. Raa3 Rb6 27. Kf1 Nf6
28. f3 Nd7 29. Ke1 Ke7 30. Kd2 Rba6 31. Nc7 Ra7 32. Nb5 R7a6 33. Nc7 Ra7 34.
Nb5 R7a6 35. Nc3 Nb6 36. Ra2 Nxa4 37. Rb7+ Kf6 38. Nxa4 Rxa4 39. Rxa4 Rxa4 40.
Rb6 Ke7 41. Rb7+ 1/2-1/2

[Event "Bundesliga 0001"]
[Site "Deutschland"]
[Date "2000.12.10"]
[Round "4.6"]
[White "Hoffmann, Michael"]
[Black "Koch, Wolfgang Max"]
[Result "1/2-1/2"]
[WhiteElo "2458"]
[BlackElo "2335"]
[PlyCount "73"]
[EventDate "2000.10.14"]
[EventType "team"]
[EventRounds "15"]
[EventCountry "GER"]
[SourceTitle "Bundesliga 0001"]
[Source "DeepChess"]
[SourceDate "2005.01.01"]
[SourceVersion "1"]
[SourceVersionDate "2005.01.01"]
[SourceQuality "1"]
[WhiteTeam "SV Castrop Rauxel 1923"]
[BlackTeam "SF 1982 Baiertal Schatthausen"]
[WhiteTeamCountry "GER"]
[BlackTeamCountry "GER"]

1. d4 d6 2. Nf3 g6 3. g3 Bg7 4. Bg2 Nf6 5. O-O O-O 6. c4 c6 7. Nc3 Bf5 8. b3
Ne4 9. Bb2 Nxc3 10. Bxc3 Be4 11. Qd2 Nd7 12. Rfd1 d5 13. Qe3 Nf6 14. Bf1 Bxf3
15. Qxf3 Ne4 16. Be1 e6 17. Rab1 Qe7 18. e3 e5 19. dxe5 Qxe5 20. cxd5 cxd5 21.
Qe2 a6 22. Rbc1 Rac8 23. Qd3 Rxc1 24. Rxc1 h5 25. Bg2 Rd8 26. Qc2 Qe7 27. h4
Kh7 28. Bf3 f5 29. Kg2 Be5 30. Ba5 Rd7 31. Qc8 Qf7 32. Bb6 Qe7 33. Rc2 Nf6 34.
Bc5 Qf7 35. Bb6 Qe7 36. Bc5 Qf7 37. Bb6 1/2-1/2

[Event "Bundesliga 0001"]
[Site "Deutschland"]
[Date "2000.12.10"]
[Round "4.7"]
[White "Balzar, Andreas"]
[Black "Dinstuhl, Volkmar"]
[Result "1/2-1/2"]
[WhiteElo "2346"]
[BlackElo "2412"]
[PlyCount "124"]
[EventDate "2000.10.14"]
[EventType "team"]
[EventRounds "15"]
[EventCountry "GER"]
[SourceTitle "Bundesliga 0001"]
[Source "DeepChess"]
[SourceDate "2005.01.01"]
[SourceVersion "1"]
[SourceVersionDate "2005.01.01"]
[SourceQuality "1"]
[WhiteTeam "SF 1982 Baiertal Schatthausen"]
[BlackTeam "SV Castrop Rauxel 1923"]
[WhiteTeamCountry "GER"]
[BlackTeamCountry "GER"]

1. e4 c5 2. Nf3 d6 3. d4 cxd4 4. Nxd4 Nf6 5. Nc3 Nc6 6. Bc4 Qb6 7. Ndb5 a6 8.
Be3 Qa5 9. Nd4 Ng4 10. O-O Nce5 11. Bb3 Nxe3 12. fxe3 e6 13. Qh5 g6 14. Qh3 Qc7
15. Ba4+ Nc6 16. Qf3 Bg7 17. Nxc6 O-O 18. Nd4 b5 19. Bb3 Bd7 20. a3 Rac8 21.
Rf2 Qc5 22. Rd1 h5 23. h3 Rcd8 24. Qe2 Bh6 25. Rdf1 Kg7 26. Kh1 Rde8 27. Qd3
Kg8 28. Rf3 Bg7 29. Nce2 Re7 30. c3 Kh7 31. R3f2 Kg8 32. Ng1 Bc8 33. Ngf3 Bb7
34. h4 d5 35. exd5 e5 36. Ng5 Bxd5 37. Nf5 Bxb3 38. Nxe7+ Qxe7 39. Qe4 Qd7 40.
Qf3 f6 41. Ne4 Qe7 42. Nd2 Be6 43. Qc6 Bc8 44. Ne4 Bb7 45. Qd6 Qxd6 46. Nxd6
Bc6 47. c4 bxc4 48. Nxc4 f5 49. Rc1 Bb5 50. b3 Bh6 51. Rc3 e4 52. g3 Bg7 53.
Rcc2 Rb8 54. Rfd2 Be8 55. b4 Ba4 56. Rc1 Rc8 57. Kg2 Bb3 58. Na5 Rxc1 59. Nxb3
Rc3 60. Rd8+ Kh7 61. Nc5 Rxa3 62. Rd7 Kh6 1/2-1/2

[Event "Bundesliga 0001"]
[Site "Deutschland"]
[Date "2000.12.10"]
[Round "4.3"]
[White "Slobodjan, Roman"]
[Black "Bunzmann, Dimitrij"]
[Result "1/2-1/2"]
[WhiteElo "2539"]
[BlackElo "2484"]
[PlyCount "64"]
[EventDate "2000.10.14"]
[EventType "team"]
[EventRounds "15"]
[EventCountry "GER"]
[SourceTitle "Bundesliga 0001"]
[Source "DeepChess"]
[SourceDate "2005.01.01"]
[SourceVersion "1"]
[SourceVersionDate "2005.01.01"]
[SourceQuality "1"]
[WhiteTeam "USC Magdeburg"]
[BlackTeam "SF Neukoelln 03 e.V."]
[WhiteTeamCountry "GER"]
[BlackTeamCountry "GER"]

1. d4 e6 2. Nf3 f5 3. g3 b6 4. Bg2 Bb7 5. O-O Nf6 6. c4 a5 7. d5 Na6 8. Nd4 Bc5
9. Nc3 O-O 10. Nb3 Bb4 11. Bd2 Rb8 12. Rc1 Qe8 13. a3 Be7 14. Qc2 Qh5 15. Rcd1
Ng4 16. h3 Ne5 17. Bf4 Ng6 18. Bc1 f4 19. Nd4 fxg3 20. fxg3 Qe5 21. Rxf8+ Rxf8
22. Qd3 Bd6 23. Ncb5 Qxg3 24. Qxg3 Bxg3 25. dxe6 Bf2+ 26. Kh1 Bxg2+ 27. Kxg2
Nh4+ 28. Kh2 dxe6 29. Nxe6 Rf6 30. Ng5 Rf8 31. Ne6 Rf6 32. Ng5 Rf8 1/2-1/2

[Event "Bundesliga 0001"]
[Site "Deutschland"]
[Date "2000.12.10"]
[Round "4.4"]
[White "Berndt, Stephan"]
[Black "Baklan, Vladimir"]
[Result "1/2-1/2"]
[WhiteElo "2478"]
[BlackElo "2599"]
[PlyCount "30"]
[EventDate "2000.10.14"]
[EventType "team"]
[EventRounds "15"]
[EventCountry "GER"]
[SourceTitle "Bundesliga 0001"]
[Source "DeepChess"]
[SourceDate "2005.01.01"]
[SourceVersion "1"]
[SourceVersionDate "2005.01.01"]
[SourceQuality "1"]
[WhiteTeam "SF Neukoelln 03 e.V."]
[BlackTeam "USC Magdeburg"]
[WhiteTeamCountry "GER"]
[BlackTeamCountry "GER"]

1. e4 c5 2. Nf3 d6 3. d4 cxd4 4. Nxd4 Nf6 5. Nc3 Nc6 6. Bc4 e5 7. Nf5 Be6 8.
Bb3 g6 9. Ne3 Bh6 10. Ned5 Bxc1 11. Qxc1 O-O 12. O-O Nd4 13. Nxf6+ Qxf6 14. Qd2
Rac8 15. Rad1 b5 1/2-1/2

[Event "Bundesliga 0001"]
[Site "Deutschland"]
[Date "2000.12.10"]
[Round "4.5"]
[White "Thesing, Matthias"]
[Black "Brynell, Stellan"]
[Result "1/2-1/2"]
[WhiteElo "2438"]
[BlackElo "2484"]
[PlyCount "61"]
[EventDate "2000.10.14"]
[EventType "team"]
[EventRounds "15"]
[EventCountry "GER"]
[SourceTitle "Bundesliga 0001"]
[Source "DeepChess"]
[SourceDate "2005.01.01"]
[SourceVersion "1"]
[SourceVersionDate "2005.01.01"]
[SourceQuality "1"]
[WhiteTeam "USC Magdeburg"]
[BlackTeam "SF Neukoelln 03 e.V."]
[WhiteTeamCountry "GER"]
[BlackTeamCountry "GER"]

1. e4 e6 2. d4 d5 3. exd5 exd5 4. Nf3 Nc6 5. Bb5 Bd6 6. c4 dxc4 7. d5 a6 8. Ba4
b5 9. dxc6 bxa4 10. O-O Ne7 11. Nbd2 O-O 12. Nxc4 Nxc6 13. Qxa4 Qd7 14. Rd1 Ne5
15. Qxd7 Nxf3+ 16. gxf3 Bxd7 17. Nxd6 cxd6 18. Rxd6 Be6 19. Be3 Rfd8 20. Rb6
Bh3 21. f4 Rd3 22. Re1 h5 23. Rc6 Be6 24. h4 Bxa2 25. Ra1 Bd5 26. Rcxa6 Rxa6
27. Rxa6 Rd1+ 28. Kh2 Rh1+ 29. Kg3 Rg1+ 30. Kh3 Rh1+ 31. Kg3 1/2-1/2

[Event "Bundesliga 0001"]
[Site "Deutschland"]
[Date "2000.12.10"]
[Round "4.6"]
[White "Borriss, Martin"]
[Black "Georgiev, Vladimir"]
[Result "0-1"]
[WhiteElo "2439"]
[BlackElo "2564"]
[PlyCount "134"]
[EventDate "2000.10.14"]
[EventType "team"]
[EventRounds "15"]
[EventCountry "GER"]
[SourceTitle "Bundesliga 0001"]
[Source "DeepChess"]
[SourceDate "2005.01.01"]
[SourceVersion "1"]
[SourceVersionDate "2005.01.01"]
[SourceQuality "1"]
[WhiteTeam "SF Neukoelln 03 e.V."]
[BlackTeam "USC Magdeburg"]
[WhiteTeamCountry "GER"]
[BlackTeamCountry "GER"]

1. e4 c5 2. Nf3 a6 3. c3 d5 4. exd5 Qxd5 5. d4 Nf6 6. dxc5 Qxc5 7. Bf4 g6 8.
Nbd2 Bg7 9. Bc4 O-O 10. O-O Nc6 11. Qe2 b5 12. Bb3 Bb7 13. Rfe1 Qf5 14. Bg3 Nh5
15. Ne4 Rad8 16. Bc7 Nf4 17. Qe3 Bh6 18. Ng3 Qg4 19. Bxd8 Nxd8 20. Bd1 Nde6 21.
Qa7 Bd5 22. Ne5 Qh4 23. Bf3 Bxf3 24. Nxf3 Qg4 25. Ne5 Qg5 26. Nf3 Qd5 27. Ne4
f5 28. Rad1 Qc6 29. Ned2 Nd3 30. Qxe7 Nxe1 31. Rxe1 Re8 32. Qh4 Kg7 33. Nd4 Qd7
34. Rxe6 Rxe6 35. Nxe6+ Qxe6 36. Qd4+ Kg8 37. Qd8+ Bf8 38. b3 Qe1+ 39. Nf1 Qxc3
40. Qd5+ Kh8 41. g3 Bc5 42. Qa8+ Kg7 43. Qxa6 Qf3 44. Ne3 Bxe3 45. fxe3 Qxe3+
46. Kf1 Qd3+ 47. Kf2 Qd4+ 48. Kf3 Qd5+ 49. Kf2 Qd2+ 50. Kg1 Qd4+ 51. Kg2 b4 52.
h4 Qe4+ 53. Kh2 f4 54. gxf4 Qxf4+ 55. Kh3 Qf3+ 56. Kh2 Qe4 57. Kg3 Qe1+ 58. Kh3
Kh6 59. Qc4 Qc3+ 60. Kg4 Kg7 61. h5 gxh5+ 62. Kxh5 Qxc4 63. bxc4 Kf6 64. Kh6
Ke5 65. Kxh7 Kd4 66. Kg6 Kxc4 67. Kf5 Kc3 0-1

[Event "Bundesliga 0001"]
[Site "Deutschland"]
[Date "2000.12.10"]
[Round "4.7"]
[White "Proehl, Holger"]
[Black "Polzin, Rainer"]
[Result "1/2-1/2"]
[WhiteElo "2386"]
[BlackElo "2465"]
[PlyCount "82"]
[EventDate "2000.10.14"]
[EventType "team"]
[EventRounds "15"]
[EventCountry "GER"]
[SourceTitle "Bundesliga 0001"]
[Source "DeepChess"]
[SourceDate "2005.01.01"]
[SourceVersion "1"]
[SourceVersionDate "2005.01.01"]
[SourceQuality "1"]
[WhiteTeam "USC Magdeburg"]
[BlackTeam "SF Neukoelln 03 e.V."]
[WhiteTeamCountry "GER"]
[BlackTeamCountry "GER"]

1. e4 c5 2. c3 Nf6 3. e5 Nd5 4. g3 d6 5. exd6 Qxd6 6. Bg2 Nc6 7. Nf3 g6 8. O-O
Bg7 9. Na3 O-O 10. d4 cxd4 11. Nb5 Qc5 12. Nbxd4 Nxd4 13. Nxd4 Rd8 14. Nb3 Qc4
15. Nd2 Qa6 16. Qf3 Bf5 17. Re1 Rd7 18. Bf1 Qc6 19. Nc4 Rad8 20. Ne5 Bxe5 21.
Rxe5 Nb6 22. Qxc6 bxc6 23. Bh6 Na4 24. Rae1 Be6 25. Bc1 Rd1 26. Bg2 Nc5 27.
Bxc6 R8d6 28. Bf3 Rxe1+ 29. Rxe1 Nd3 30. Rd1 Bxa2 31. Be3 Bb3 32. Rd2 Ne5 33.
Rxd6 exd6 34. Be2 a5 35. f4 Nc4 36. Bxc4 Bxc4 37. Bb6 a4 38. Bc7 d5 39. Kf2 f5
40. Ke3 Kf7 41. Kd4 Ke6 1/2-1/2

[Event "Bundesliga 0001"]
[Site "Deutschland"]
[Date "2000.12.10"]
[Round "4.8"]
[White "Thiede, Lars"]
[Black "Meier, Volker"]
[Result "1/2-1/2"]
[WhiteElo "2421"]
[BlackElo "2288"]
[PlyCount "151"]
[EventDate "2000.10.14"]
[EventType "team"]
[EventRounds "15"]
[EventCountry "GER"]
[SourceTitle "Bundesliga 0001"]
[Source "DeepChess"]
[SourceDate "2005.01.01"]
[SourceVersion "1"]
[SourceVersionDate "2005.01.01"]
[SourceQuality "1"]
[WhiteTeam "SF Neukoelln 03 e.V."]
[BlackTeam "USC Magdeburg"]
[WhiteTeamCountry "GER"]
[BlackTeamCountry "GER"]

1. g3 c5 2. c4 Nc6 3. Bg2 g6 4. Nc3 Bg7 5. a3 b6 6. e3 Bb7 7. Nge2 Qc8 8. d3
Nf6 9. O-O O-O 10. f4 e6 11. e4 Nd4 12. Nxd4 cxd4 13. Nb1 Ne8 14. f5 exf5 15.
exf5 Bxg2 16. Kxg2 Qc6+ 17. Kg1 Nf6 18. Bg5 h6 19. Bxf6 Qxf6 20. Nd2 gxf5 21.
Nf3 Rae8 22. Nh4 Re5 23. Rf3 Rfe8 24. Qf1 d5 25. cxd5 Rxd5 26. Nxf5 Ree5 27.
Nxd4 Qg6 28. Nc2 Re8 29. Rb1 Rde5 30. Rf2 Rd5 31. Rf3 Rde5 32. Rf2 Rd8 33. Rd1
Red5 34. Nb4 R5d6 35. Rfd2 a5 36. Na2 Bd4+ 37. Kg2 Be3 38. Re2 Rxd3 39. Rxd3
Qxd3 40. Nc3 b5 41. Qf3 Bg5 42. Qg4 Qg6 43. h4 f5 44. Qf3 Bxh4 45. Nxb5 Bg5 46.
Nc7 Qf7 47. Ne6 Rb8 48. Nd4 Kh8 49. Nxf5 Rb5 50. Nd6 Qxf3+ 51. Kxf3 Rb3+ 52.
Kg4 Bc1 53. Nc4 a4 54. Rc2 Bg5 55. Kf5 Rxg3 56. Nb6 Rf3+ 57. Ke5 Bf6+ 58. Ke4
Rb3 59. Nxa4 Bxb2 60. Nxb2 Rxa3 61. Rc7 Rg3 62. Nd3 Rg7 63. Rc6 Kh7 64. Nf4
Re7+ 65. Kf5 Rf7+ 66. Ke5 h5 67. Ne6 Rf1 68. Rc2 Kg6 69. Rg2+ Kf7 70. Rg7+ Ke8
71. Rh7 Re1+ 72. Kd6 Rd1+ 73. Ke5 Re1+ 74. Kf5 Rf1+ 75. Nf4 h4 76. Rxh4 1/2-1/2

[Event "Bundesliga 0001"]
[Site "Deutschland"]
[Date "2000.12.10"]
[Round "4.4"]
[White "Sokolov, Ivan"]
[Black "Jussupow, Artur"]
[Result "1/2-1/2"]
[WhiteElo "2611"]
[BlackElo "2610"]
[PlyCount "71"]
[EventDate "2000.10.14"]
[EventType "team"]
[EventRounds "15"]
[EventCountry "GER"]
[SourceTitle "Bundesliga 0001"]
[Source "DeepChess"]
[SourceDate "2005.01.01"]
[SourceVersion "1"]
[SourceVersionDate "2005.01.01"]
[SourceQuality "1"]
[WhiteTeam "SG Porz e.V."]
[BlackTeam "SG 1868 Aljech. Solingen"]
[WhiteTeamCountry "GER"]
[BlackTeamCountry "GER"]

1. d4 Nf6 2. c4 e6 3. Nf3 d5 4. Nc3 Nbd7 5. cxd5 exd5 6. Qc2 c6 7. Bf4 Nh5 8.
Bd2 Be7 9. g4 Nhf6 10. g5 Nh5 11. h4 Nb6 12. e3 g6 13. Bd3 Ng7 14. Ne5 Nd7 15.
O-O-O Nxe5 16. dxe5 Bg4 17. Rdg1 Qd7 18. f4 Bf5 19. Ne2 c5 20. Ng3 Bxd3 21.
Qxd3 O-O-O 22. f5 Nxf5 23. Nxf5 Qxf5 24. Qxf5+ gxf5 25. Rf1 Kd7 26. Rxf5 Ke6
27. Rhf1 Rdf8 28. a3 Rhg8 29. Kc2 Rg6 30. Kd3 h6 31. e4 dxe4+ 32. Kxe4 Rd8 33.
Be3 hxg5 34. hxg5 Rf8 35. a4 b6 36. b3 1/2-1/2

[Event "Bundesliga 0001"]
[Site "Deutschland"]
[Date "2000.12.10"]
[Round "4.5"]
[White "Huebner, Robert"]
[Black "Vaganian, Rafael A"]
[Result "1/2-1/2"]
[WhiteElo "2615"]
[BlackElo "2623"]
[PlyCount "49"]
[EventDate "2000.10.14"]
[EventType "team"]
[EventRounds "15"]
[EventCountry "GER"]
[SourceTitle "Bundesliga 0001"]
[Source "DeepChess"]
[SourceDate "2005.01.01"]
[SourceVersion "1"]
[SourceVersionDate "2005.01.01"]
[SourceQuality "1"]
[WhiteTeam "SG 1868 Aljech. Solingen"]
[BlackTeam "SG Porz e.V."]
[WhiteTeamCountry "GER"]
[BlackTeamCountry "GER"]

1. e4 Nf6 2. e5 Nd5 3. d4 d6 4. Nf3 dxe5 5. Nxe5 g6 6. Bc4 c6 7. O-O Bg7 8. Re1
Nd7 9. Nf3 N7b6 10. Bf1 Bg4 11. c3 O-O 12. Nbd2 Qc7 13. h3 Bxf3 14. Nxf3 e6 15.
Bg5 c5 16. Qd2 cxd4 17. Nxd4 Nc4 18. Bxc4 Qxc4 19. Bh6 Rad8 20. Bxg7 Kxg7 21.
Re4 Nf6 22. Qe2 Qxe2 23. Rxe2 Rd5 24. Rae1 Rc8 25. Re5 1/2-1/2

[Event "Bundesliga 0001"]
[Site "Deutschland"]
[Date "2000.12.10"]
[Round "4.8"]
[White "Graf, Alexander"]
[Black "Chandler, Murray G"]
[Result "1-0"]
[WhiteElo "2642"]
[BlackElo "2526"]
[PlyCount "69"]
[EventDate "2000.10.14"]
[EventType "team"]
[EventRounds "15"]
[EventCountry "GER"]
[SourceTitle "Bundesliga 0001"]
[Source "DeepChess"]
[SourceDate "2005.01.01"]
[SourceVersion "1"]
[SourceVersionDate "2005.01.01"]
[SourceQuality "1"]
[WhiteTeam "SG Porz e.V."]
[BlackTeam "SG 1868 Aljech. Solingen"]
[WhiteTeamCountry "GER"]
[BlackTeamCountry "GER"]

1. d4 Nf6 2. c4 e6 3. Nc3 Bb4 4. e3 O-O 5. Bd3 c5 6. Nf3 d5 7. O-O cxd4 8. exd4
dxc4 9. Bxc4 a6 10. a3 Bxc3 11. bxc3 Qc7 12. Qe2 b5 13. Bd3 Bb7 14. Bd2 Nbd7
15. a4 bxa4 16. Rxa4 Nd5 17. Ra3 Rfe8 18. Rb1 e5 19. dxe5 Nxe5 20. Nxe5 Rxe5
21. Qd1 Rae8 22. c4 Nf6 23. Bf1 R5e6 24. Qb3 Ba8 25. Ba5 Qf4 26. Qg3 Qf5 27.
Rb8 Rxb8 28. Qxb8+ Re8 29. Qa7 h5 30. Bc3 Ne4 31. Ra5 Qc8 32. Bd4 Nd2 33. Rg5
Re1 34. Rxg7+ Kf8 35. Qxf7# 1-0